000 00900nam a2200265Ka 4500
001 48208700
003 OSt
005 20170803202412.0
008 011025s1991 caua b 001 0 eng d
010 _a90041186
020 _a9780534435387
040 _aCAT
_cCAT
082 _223
_a515
_bSEC
100 1 _aSwokowski, Earl William,
_d1926-
_946017
245 1 0 _aCalculus /
_cEarl W. Swokowski.
250 _a5th ed., Classic ed.
260 _aPacific Grove, Calif. :
_bBrooks/Cole,
_cc1991.
300 _axxii, 1053, 106 p. :
_bill. (chiefly col.) ;
_c26 cm.
500 _aRev. ed. of: Calculus with analytic geometry. 4th ed. c1988.
504 _aIncludes bibliographical references (p. [xxi]-xxii) and index.
650 0 _aCalculus.
_958441
650 0 _aGeometry, Analytic.
_918182
700 1 _aSwokowski, Earl William,
_d1926-
_tCalculus with analytic geometry.
_958442
942 _2ddc
_cBOOK
999 _c40409
_d310029